| 000 | 01123nam a2200289Ia 4500 | ||
|---|---|---|---|
| 999 |
_c5460 _d5460 |
||
| 003 | OSt | ||
| 005 | 20200610124224.0 | ||
| 008 | 191128s2013 ar gr 000 0 spa d | ||
| 020 | _a9789505183579 | ||
| 040 |
_aCO-JMCR _cCO-JMCR |
||
| 041 | 1 |
_aspa _hfr |
|
| 082 | 0 | 4 |
_a330.122 / _bL199f _223 |
| 100 | 1 |
_aLazzarato, Maurizio, _eautor _95383 |
|
| 245 | 1 | 3 |
_aLa fábrica del hombre endeudado : _bensayo sobre la condición neoliberal / _cMaurizio Lazzarato ; traducción Horacio Pons |
| 250 | _a1a ed. | ||
| 260 |
_aBuenos Aires, Madrid : _bAmorrortu, _c2013. |
||
| 300 |
_a191 páginas ; _c19 cm. |
||
| 490 | 0 | _aNómadas | |
| 500 | _aIncluye datos biográficos del autor en la cubierta. | ||
| 505 | _aAprehender la deuda como fundamento de lo social -- La genealogía de la deuda y del deudor -- El influjo de la deuda en el neoliberalismo | ||
| 534 | _pLa fabrique de l'homme edetté. Essai sur la condition néolibérale. | ||
| 546 | _aTraducido del italiano. | ||
| 650 | 1 | 4 |
_aNeoliberalismo Deuda _95384 |
| 650 | 2 | 4 |
_aAspectos sociales _95385 |
| 700 | 1 |
_aPons, Horacio, _e traductor _95386 |
|
| 942 |
_2ddc _cBK |
||